000 00789nam a22002537a 4500
001 0036
003 OSt
005 20250210125331.0
007
008 250210b |||||||| |||| 00| 0 eng d
010 _a2004274094
020 _a978-81-317-1289-4
040 _cKARL KUMM UNIVERSITY
100 _aDeitel,
_qHarvey M. Deitel
110 _aDeitel & Associates Inc.
245 _aOperating systems /
_cDeitel, Deitel, Choffnes
250 _a3rd
260 _aIndia
_bDorling Kindersley ; India
_cc 2004 : [2009, 2008, 2007]
300 _axxxvi, 1209p
600 _aDeitel, Paul J.
_qPaul J. Deitel,
_tOperating System
700 _aDeitel, Paul J.
700 _aChoffnes, David R.
942 _2lcc
_cBK
_e3rd
_hQA76.76.O63
_iD46 2004
_kQA76.76.O63
_mD46 2004
_n0
999 _c35
_d35